History Quiz

Random History or Clickable Quiz

Famous Scots Quiz Stats

 Plays Quiz Updated Jun 19, 2015

Also try: Famous Spaniards
Challenge
Share
Tweet
Embed
Score 0/25 Timer 08:00
23 Plays Today
% Correct
Alexander Graham Bell
96.5%
Sean Connery
94.8%
Mary I
93.8%
Arthur Conan Doyle
90.2%
Robert L. Stevenson
86.2%
Annie Lennox
85.8%
Alexander Fleming
85.3%
William Wallace
81.9%
Andy Murray
79.9%
Andrew Carnegie
79.1%
David Livingstone
79%
James VI
76.6%
Robert Burns
75.6%
% Correct
John Boyd Dunlop
69.3%
Billy Connolly
68.5%
Robert I the Bruce
67.9%
Adam Smith
67.9%
Alex Ferguson
66.3%
Kenneth I
66.1%
James Watt
65.5%
Jackie Stewart
62.9%
Rob Roy Macgregor
59.1%
David Hume
58.8%
Chris Hoy
53.8%
Eric Liddell
50.3%

You're not logged in!

Compare scores with friends on all Sporcle quizzes.
Join for Free
OR
Log In

You Might Also Like...

Show Comments

Extras

Top Quizzes Today


Score Distribution

Your Account Isn't Verified!

In order to create a playlist on Sporcle, you need to verify the email address you used during registration. Go to your Sporcle Settings to finish the process.

Report this User

Report this user for behavior that violates our Community Guidelines.

Details: